|
|
|
|
| LEADER |
03276nam a2200541 4500 |
| 001 |
978-3-030-01276-2 |
| 003 |
DE-He213 |
| 005 |
20191026072030.0 |
| 007 |
cr nn 008mamaa |
| 008 |
181205s2018 gw | s |||| 0|eng d |
| 020 |
|
|
|a 9783030012762
|9 978-3-030-01276-2
|
| 024 |
7 |
|
|a 10.1007/978-3-030-01276-2
|2 doi
|
| 040 |
|
|
|d GrThAP
|
| 050 |
|
4 |
|a QA370-380
|
| 072 |
|
7 |
|a PBKJ
|2 bicssc
|
| 072 |
|
7 |
|a MAT007000
|2 bisacsh
|
| 072 |
|
7 |
|a PBKJ
|2 thema
|
| 082 |
0 |
4 |
|a 515.353
|2 23
|
| 100 |
1 |
|
|a Klein, Sebastian.
|e author.
|4 aut
|4 http://id.loc.gov/vocabulary/relators/aut
|
| 245 |
1 |
2 |
|a A Spectral Theory for Simply Periodic Solutions of the Sinh-Gordon Equation
|h [electronic resource] /
|c by Sebastian Klein.
|
| 250 |
|
|
|a 1st ed. 2018.
|
| 264 |
|
1 |
|a Cham :
|b Springer International Publishing :
|b Imprint: Springer,
|c 2018.
|
| 300 |
|
|
|a VIII, 334 p. 7 illus.
|b online resource.
|
| 336 |
|
|
|a text
|b txt
|2 rdacontent
|
| 337 |
|
|
|a computer
|b c
|2 rdamedia
|
| 338 |
|
|
|a online resource
|b cr
|2 rdacarrier
|
| 347 |
|
|
|a text file
|b PDF
|2 rda
|
| 490 |
1 |
|
|a Lecture Notes in Mathematics,
|x 0075-8434 ;
|v 2229
|
| 520 |
|
|
|a This book develops a spectral theory for the integrable system of 2-dimensional, simply periodic, complex-valued solutions u of the sinh-Gordon equation. Such solutions (if real-valued) correspond to certain constant mean curvature surfaces in Euclidean 3-space. Spectral data for such solutions are defined (following ideas of Hitchin and Bobenko) and the space of spectral data is described by an asymptotic characterization. Using methods of asymptotic estimates, the inverse problem for the spectral data is solved along a line, i.e. the solution u is reconstructed on a line from the spectral data. Finally, a Jacobi variety and Abel map for the spectral curve are constructed and used to describe the change of the spectral data under translation of the solution u. The book's primary audience will be research mathematicians interested in the theory of infinite-dimensional integrable systems, or in the geometry of constant mean curvature surfaces. .
|
| 650 |
|
0 |
|a Partial differential equations.
|
| 650 |
|
0 |
|a Differential geometry.
|
| 650 |
|
0 |
|a Functional analysis.
|
| 650 |
|
0 |
|a Functions of complex variables.
|
| 650 |
|
0 |
|a Differential equations.
|
| 650 |
1 |
4 |
|a Partial Differential Equations.
|0 http://scigraph.springernature.com/things/product-market-codes/M12155
|
| 650 |
2 |
4 |
|a Differential Geometry.
|0 http://scigraph.springernature.com/things/product-market-codes/M21022
|
| 650 |
2 |
4 |
|a Functional Analysis.
|0 http://scigraph.springernature.com/things/product-market-codes/M12066
|
| 650 |
2 |
4 |
|a Functions of a Complex Variable.
|0 http://scigraph.springernature.com/things/product-market-codes/M12074
|
| 650 |
2 |
4 |
|a Ordinary Differential Equations.
|0 http://scigraph.springernature.com/things/product-market-codes/M12147
|
| 710 |
2 |
|
|a SpringerLink (Online service)
|
| 773 |
0 |
|
|t Springer eBooks
|
| 776 |
0 |
8 |
|i Printed edition:
|z 9783030012755
|
| 776 |
0 |
8 |
|i Printed edition:
|z 9783030012779
|
| 830 |
|
0 |
|a Lecture Notes in Mathematics,
|x 0075-8434 ;
|v 2229
|
| 856 |
4 |
0 |
|u https://doi.org/10.1007/978-3-030-01276-2
|z Full Text via HEAL-Link
|
| 912 |
|
|
|a ZDB-2-SMA
|
| 912 |
|
|
|a ZDB-2-LNM
|
| 950 |
|
|
|a Mathematics and Statistics (Springer-11649)
|